[Event "Tournoi francophone 002 Groupe C"]
[Site "Skype"]
[Date "????.??.??"]
[Round "7.1"]
[White "Dubois, Real"]
[Black "Martin, Jean-Claude"]
[Result "1-0"]
[WhiteElo "1410"]
[BlackElo "1455"]
[PlyCount "83"]

1. d4 e5 2. c3 exd4 3. Qxd4 Nc6 4. Qd2 d5 5. e3 Bd6 6. Nf3 Nf6 7. Be2 O-O 8.
O-O h6 9. Rd1 Be6 10. Qc2 Ng4 11. h3 Nge5 12. Nxe5 Nxe5 13. Nd2 c6 14. Nf1 Qc7
15. Bd2 g6 16. e4 h5 17. exd5 Bxd5 18. Bh6 Rfe8 19. Ne3 Be6 20. Rd2 Rad8 21.
Rad1 Bc5 22. Rxd8 Rxd8 23. Rxd8+ Qxd8 24. Nf1 Bc4 25. Bxc4 Nxc4 26. Bc1 b5 27.
b3 Na3 28. Qe2 Qe7 29. Qxe7 Bxe7 30. Ne3 a5 31. Bxa3 Bxa3 32. c4 Bc1 33. cxb5
cxb5 34. Nd5 b4 35. Ne7+ Kf8 36. Nc6 Ke8 37. Nxa5 Kd7 38. f3 Kd6 39. Kf2 f6 40.
Ke2 g5 41. Kd1 Be3 42. Nc4+ 1-0

[Event "Tournoi francophone 002 Groupe C"]
[Site "Skype"]
[Date "????.??.??"]
[Round "7.2"]
[White "Talbot, Jacques"]
[Black "Holtz, Steve"]
[Result "1-0"]
[WhiteElo "1452"]
[BlackElo "1538"]
[PlyCount "73"]

1. e4 e5 2. Nf3 Nc6 3. d4 exd4 4. Nxd4 Nxd4 5. Qxd4 d6 6. Bc4 Qe7 7. O-O c5 8.
Qd1 g6 9. Nc3 Bg7 10. Nb5 Bf8 11. Bf4 Qf6 12. Bxd6 Bxd6 13. Qxd6 Qxd6 14. Nxd6+
Ke7 15. Rfd1 Nh6 16. Nxc8+ Raxc8 17. Rd5 Kf8 18. Rad1 Kg7 19. Rd7 Rhe8 20. f3
Rb8 21. h4 b5 22. Be2 c4 23. Rxa7 Ra8 24. Rxa8 Rxa8 25. a3 Re8 26. Rd7 Kg8 27.
b3 c3 28. Bxb5 Re5 29. Rd5 Re7 30. Rc5 f5 31. e5 f4 32. a4 Nf5 33. a5 Nxh4 34.
a6 Nf5 35. Bd3 Ne3 36. Ra5 Ra7 37. b4 1-0

[Event "Tournoi francophone 002 Groupe C"]
[Site "Skype"]
[Date "????.??.??"]
[Round "7.4"]
[White "Porcabeuf, Jean-Marc"]
[Black "Tamditi, Ibrahim"]
[Result "1-0"]
[WhiteElo "1373"]
[BlackElo "1288"]
[PlyCount "31"]

1. d4 e5 2. e4 exd4 3. Qxd4 Nc6 4. Qd1 Nf6 5. Bd3 h6 6. Nf3 Bc5 7. O-O O-O 8.
Nc3 Bb6 9. Re1 a6 10. e5 Ne8 11. Bf4 d6 12. h3 Bd7 13. Qd2 dxe5 14. Bxh6 gxh6
15. Qxh6 Nf6 16. Nd5 1-0

[Event "Tournoi francophone 002 Groupe C"]
[Site "Skype"]
[Date "????.??.??"]
[Round "7.5"]
[White "Coruble, Didier"]
[Black "Le Brun, Yves"]
[Result "1-0"]
[WhiteElo "1511"]
[BlackElo "1540"]
[PlyCount "109"]

1. c4 c5 2. d4 e6 3. d5 d6 4. Nc3 h6 5. e4 e5 6. h4 Nf6 7. f3 Be7 8. g4 Nh7 9.
Bg2 Bxh4+ 10. Kf1 Bg5 11. Bxg5 Qxg5 12. Kf2 a6 13. Nh3 Qf6 14. Na4 Nd7 15. Qd2
b5 16. Nc3 Nb6 17. cxb5 Bxg4 18. bxa6 Rxa6 19. Nb5 Bd7 20. Nc7+ Ke7 21. Nxa6
Nc4 22. Qc3 Bb5 23. Nc7 Rb8 24. Nxb5 Rxb5 25. Bf1 Qh4+ 26. Kg1 Qg3+ 27. Bg2
Rxb2 28. Rh2 Ng5 29. Nxg5 Qf2+ 30. Kh1 Ne3 31. Rg1 hxg5 32. Qa3 g4 33. Qa7+ Kf6
34. Qd7 Kg6 35. Qxd6+ f6 36. Qxc5 Rc2 37. Qf8 Nxg2 38. Qe8+ Kg5 39. Qh5+ Kf4
40. Qf5+ Ke3 41. Qxg4 Qxf3 42. Qxf3+ Kxf3 43. d6 Rd2 44. Rhxg2 Rxd6 45. Rxg7
Kxe4 46. a4 f5 47. a5 f4 48. Ra7 Rh6+ 49. Kg2 f3+ 50. Kf2 Rh2+ 51. Kg3 Ra2 52.
Re1+ Re2 53. Rxe2+ fxe2 54. Kf2 Kd3 55. Ke1 1-0

[Event "Tournoi francophone 002 Groupe C"]
[Site "Skype"]
[Date "????.??.??"]
[Round "8.1"]
[White "Martin, Jean-Claude"]
[Black "Le Brun, Yves"]
[Result "1/2-1/2"]
[WhiteElo "1455"]
[BlackElo "1540"]
[PlyCount "62"]

1. d4 Nf6 2. c4 e6 3. Nc3 d5 4. Nf3 Nbd7 5. Bf4 c6 6. a3 a6 7. cxd5 cxd5 8. e3
Be7 9. Bd3 h6 10. Rc1 b5 11. Nxb5 axb5 12. Bc7 O-O 13. Bxd8 Bxd8 14. O-O Rb8
15. b4 Re8 16. Ne5 Kf8 17. Nxd7+ Bxd7 18. Rc3 Bb6 19. f4 Red8 20. Qe2 g6 21.
Bxb5 Ne4 22. Rc2 Nd6 23. Bxd7 Rxd7 24. Rfc1 Ke7 25. Rc6 Kd8 26. Qa6 Nc4 27.
R1xc4 dxc4 28. Rxb6 Rxb6 29. Qxb6+ Rc7 30. Qb8+ Kd7 31. Qb5+ Kc8 1/2-1/2

[Event "Tournoi francophone 002 Groupe C"]
[Site "Skype"]
[Date "????.??.??"]
[Round "8.2"]
[White "Tamditi, Ibrahim"]
[Black "Coruble, Didier"]
[Result "0-1"]
[WhiteElo "1288"]
[BlackElo "1511"]
[PlyCount "64"]

1. e4 Nc6 2. Bc4 e6 3. Nc3 Ne5 4. Bb3 c6 5. d4 Ng6 6. Nf3 Bb4 7. Bd2 N8e7 8.
Ne2 Bd6 9. e5 Bc7 10. O-O Nd5 11. Bxd5 cxd5 12. Bb4 d6 13. Re1 a5 14. Ba3 b5
15. c3 Ba6 16. Rc1 O-O 17. Qd2 Qd7 18. Ng3 Rfe8 19. b3 Bb7 20. Qc2 dxe5 21.
Nxe5 Nxe5 22. dxe5 Bb6 23. Nh5 Qc6 24. Kh1 d4 25. f3 Qxc3 26. Qxc3 dxc3 27.
Rxc3 b4 28. Bxb4 axb4 29. Rc4 Bf2 30. Re2 Ba6 31. Rxf2 Bxc4 32. bxc4 b3 0-1

[Event "Tournoi francophone 002 Groupe C"]
[Site "Skype"]
[Date "????.??.??"]
[Round "8.3"]
[White "Rodriguez, Nathalie"]
[Black "Porcabeuf, Jean-Marc"]
[Result "0-1"]
[WhiteElo "1498"]
[BlackElo "1373"]
[PlyCount "90"]

1. Nf3 e6 2. a3 d5 3. d4 Nd7 4. e3 Ngf6 5. Nc3 Bd6 6. Nb5 Be7 7. Bd3 c6 8. Nc3
O-O 9. O-O Bd6 10. e4 dxe4 11. Nxe4 Nxe4 12. Bxe4 Nf6 13. Bd3 Qc7 14. g3 Nd5
15. c3 Re8 16. Qc2 f5 17. Ng5 Bd7 18. f4 Rf8 19. Bd2 Rae8 20. Rf2 Rf6 21. Raf1
h6 22. Nh3 c5 23. Qd1 Bc6 24. b3 Qf7 25. a4 cxd4 26. cxd4 Ne7 27. Bc4 Ng6 28.
Bc3 b6 29. b4 Ba8 30. b5 Qb7 31. Rf3 Kh7 32. Qe2 Nxf4 33. Nxf4 Bxf4 34. gxf4
Rg6+ 35. Kf2 Qe7 36. Rg3 Rxg3 37. hxg3 Qf6 38. Qe3 e5 39. dxe5 Qg6 40. Rg1 Qh5
41. Ke1 Qh2 42. Bf7 Re7 43. e6 Bf3 44. Qxf3 Qxg1+ 45. Qf1 Qe3+ 0-1

[Event "Tournoi francophone 002 Groupe C"]
[Site "Skype"]
[Date "????.??.??"]
[Round "8.4"]
[White "Holtz, Steve"]
[Black "De Coninck, Philippe"]
[Result "1-0"]
[WhiteElo "1538"]
[BlackElo "1492"]
[PlyCount "81"]

1. d4 e5 2. dxe5 Nc6 3. Nf3 Qe7 4. a3 Nxe5 5. e3 Nf6 6. Be2 d5 7. O-O g6 8. Nc3
c6 9. Re1 Bg7 10. Bd2 Bg4 11. Na2 Nxf3+ 12. Bxf3 Bxf3 13. Qxf3 Ne4 14. Qd1 Bxb2
15. Rb1 Bxa3 16. Bb4 Bxb4 17. Rxb4 Nc3 18. Qd4 Ne2+ 19. Rxe2 O-O 20. Rb1 c5 21.
Qxd5 Rad8 22. Qf3 Rd6 23. Ree1 Rfd8 24. Rbd1 Rd2 25. Rc1 Qe6 26. Nc3 Qc4 27.
Ne4 Rxc2 28. Rxc2 Qxc2 29. g3 b5 30. Ng5 Qc4 31. Kg2 Qd5 32. Qxd5 Rxd5 33. Ne4
Kg7 34. Nc3 Rd2 35. Nxb5 a6 36. Nc7 a5 37. Ra1 c4 38. Rxa5 Kf6 39. Rc5 Rc2 40.
Nb5 h5 41. Na3 1-0

[Event "Tournoi francophone 002 Groupe C"]
[Site "Skype"]
[Date "????.??.??"]
[Round "8.5"]
[White "Dubois, Real"]
[Black "Talbot, Jacques"]
[Result "1/2-1/2"]
[WhiteElo "1410"]
[BlackElo "1452"]
[PlyCount "69"]

1. d4 d5 2. Nf3 Nf6 3. e3 e6 4. Bd3 Bd6 5. Nbd2 Nbd7 6. c3 O-O 7. Qc2 h6 8. O-O
c5 9. dxc5 Nxc5 10. Re1 Nxd3 11. Qxd3 Bd7 12. Nf1 a6 13. Bd2 Qc7 14. h3 Bb5 15.
Qc2 Rac8 16. Nd4 Bc6 17. Nxc6 Qxc6 18. f3 b5 19. Qb1 a5 20. Kh1 b4 21. cxb4
Bxb4 22. Rc1 Qd7 23. Rxc8 Rxc8 24. Bxb4 axb4 25. Qe1 Qb5 26. Kg1 Rc2 27. Rb1
Re2 28. Qc1 Qc4 29. Qxc4 dxc4 30. e4 Nh5 31. a3 bxa3 32. bxa3 Ra2 33. Rc1 Rxa3
34. Rxc4 Nf4 35. Rc2 1/2-1/2

[Event "Tournoi francophone 002 Groupe C"]
[Site "Skype"]
[Date "????.??.??"]
[Round "9.1"]
[White "Talbot, Jacques"]
[Black "Martin, Jean-Claude"]
[Result "1-0"]
[WhiteElo "1452"]
[BlackElo "1455"]
[PlyCount "61"]

1. e4 d5 2. exd5 Qxd5 3. Nc3 Qa5 4. d4 Nf6 5. Bd2 c6 6. Nf3 Bf5 7. Ne4 Qc7 8.
Nxf6+ gxf6 9. Bc3 Nd7 10. Bd3 Bxd3 11. Qxd3 O-O-O 12. O-O-O e6 13. Kb1 Kb8 14.
Nd2 h5 15. Nc4 Rg8 16. g3 Rg5 17. Bd2 Nc5 18. Qe2 Rxd4 19. Bxg5 Rxd1+ 20. Rxd1
fxg5 21. Qe5 Qxe5 22. Nxe5 f6 23. Nd7+ Nxd7 24. Rxd7 Bc5 25. f4 gxf4 26. gxf4
Be3 27. Rd6 Bxf4 28. Rxe6 Bg5 29. h3 h4 30. c4 f5 31. Re5 1-0

[Event "Tournoi francophone 002 Groupe C"]
[Site "Skype"]
[Date "????.??.??"]
[Round "9.2"]
[White "De Coninck, Philippe"]
[Black "Dubois, Real"]
[Result "0-1"]
[WhiteElo "1492"]
[BlackElo "1410"]
[PlyCount "96"]

1. e4 e5 2. f4 Nc6 3. Nf3 d6 4. Bc4 Be7 5. O-O Nf6 6. d3 O-O 7. Bb5 Bd7 8. Bxc6
Bxc6 9. fxe5 dxe5 10. Nxe5 Qd4+ 11. Kh1 Qxe5 12. Nc3 Bd6 13. Bf4 Qe7 14. Qf3
Bxf4 15. Qxf4 Rad8 16. Rae1 Nh5 17. Qg4 g6 18. Rf5 Ng7 19. Ra5 a6 20. a3 Qe6
21. Rg5 Qxg4 22. Rxg4 Ne6 23. Ne2 Bd7 24. b4 c5 25. c3 b6 26. Rg3 cxb4 27. axb4
Ng7 28. d4 Nh5 29. Rf3 Bb5 30. Nf4 Nxf4 31. Rxf4 Bc4 32. Rf6 a5 33. Rxb6 a4 34.
Ra1 Bb3 35. Rb1 Rb8 36. Rxb8 Rxb8 37. Kg1 Rc8 38. Rc1 a3 39. b5 a2 40. b6 Rb8
41. Kf2 Rxb6 42. Ke3 Ra6 43. Ra1 Bc4 44. d5 Kf8 45. Kd4 Bb3 46. d6 Rxd6+ 47.
Kc5 Ke7 48. c4 Rd1 0-1

[Event "Tournoi francophone 002 Groupe C"]
[Site "Skype"]
[Date "????.??.??"]
[Round "9.3"]
[White "Porcabeuf, Jean-Marc"]
[Black "Holtz, Steve"]
[Result "0-1"]
[WhiteElo "1373"]
[BlackElo "1538"]
[PlyCount "30"]

1. d4 Nf6 2. c4 d5 3. Nc3 e6 4. a3 c6 5. Nf3 Bd6 6. e3 dxc4 7. Bxc4 Nbd7 8. O-O
O-O 9. Re1 Re8 10. e4 e5 11. Ng5 Re7 12. dxe5 Nxe5 13. Bb3 h6 14. Nf3 Bg4 15.
Qd3 Nxd3 0-1

[Event "Tournoi francophone 002 Groupe C"]
[Site "Skype"]
[Date "????.??.??"]
[Round "9.5"]
[White "Le Brun, Yves"]
[Black "Tamditi, Ibrahim"]
[Result "1-0"]
[WhiteElo "1540"]
[BlackElo "1288"]
[PlyCount "53"]

1. e4 e5 2. Bc4 Nf6 3. d4 exd4 4. e5 Ne4 5. Nf3 Bc5 6. Qe2 d5 7. Bb5+ c6 8. Bd3
Bf5 9. O-O O-O 10. Bf4 Nd7 11. Nbd2 Nxd2 12. Qxd2 Bxd3 13. Qxd3 f6 14. e6 Nb6
15. b3 Re8 16. Rae1 Bd6 17. Qxd4 Bxf4 18. Qxf4 Qc8 19. Qf5 a5 20. Nd4 a4 21.
Re3 axb3 22. axb3 Ra5 23. Rfe1 Na8 24. Rh3 h6 25. Qg6 Kh8 26. Nf5 Qc7 27. Qxe8+
1-0